Statistics for The Bends Tracklist (Radiohead)

Click here to take the quiz!

General Stats

  • This quiz has been taken 10 times
  • The average score is 8 of 12

Answer Stats

HintAnswer% Correct
4Fake Plastic Trees
100%
7Just
90%
2The Bends
90%
10Black Star
70%
3High And Dry
70%
8My Iron Lung
70%
12Street Spirit (Fade Out)
70%
5Bones
60%
9Bullet Proof... I Wish I Was
60%
1Planet Telex
50%
11Sulk
50%
6(Nice Dream)
40%

Score Distribution

Percentile by Number Answered

Percent of People with Each Score

Your Score History

You have not taken this quiz